| 000 | 01391nam a22002177a 4500 | ||
|---|---|---|---|
| 003 | NALT | ||
| 005 | 20240119153409.0 | ||
| 008 | s2548 th tha d | ||
| 020 | _a9744492007 | ||
| 040 | _aNALT | ||
| 041 | _atha | ||
| 090 |
_aKR54 _bช356อ 2548 |
||
| 100 | 0 | _aชัชพรรษ ฟูอินหลง | |
| 245 | 1 | 0 |
_aเอกสารเพื่อประกอบการพิจารณากฎหมายของสมาชิกรัฐสภา เล่มที่ 26 ร่างพระราชบัญญัติสภาวิชาชีพกิจการการกระจายเสียงและโทรทัศน์ พ.ศ. .... : ศึกษาความเหมาะสมในการนำมาใช้ในประเทศไทย / _cชัชพรรษ ฟูอินหลง. |
| 260 |
_aนนทบุรี : _bสถาบันพระปกเกล้า, _c2548 |
||
| 300 |
_a132 หน้า ; _c21 ซม. |
||
| 650 | 0 | 4 | _aสภาวิชาชีพกิจการการกระจายเสียงและโทรทัศน์ |
| 650 | 0 | 4 | _aร่างพระราชบัญญัติสภาวิชาชีพกิจการการกระจายเสียงและโทรทัศน์ |
| 850 | _aNALT | ||
| 942 |
_cLB _2lcc |
||
| 999 |
_c44755 _d44755 |
||
| 998 |
_j4576 _k นักศึกษาฝึกงาน-02 |
||